• 首页
  • 本馆介绍
  • 公告通知
  • 最新文献
  • 馆藏检索
  • 电子资源
  • 读者导购
  • 参考咨询
  • 我的图书馆
  • 登录
  • 详细信息显示
  • 放入我的书架
  • 预约/预借图书
  • 作者相关作品
  • 分类相关作品
  • 丛书相关作品
  • 出版社相关作品

书目信息

  • 表格格式
  • 工作单格式
  • 卡片格式
题名:
结构与物性
    
 
作者: 细矢治夫 , 丸山有城 著 ;方小钰 译
分册:  
出版信息: 上海   上海科学技术出版社  1979
页数: 202页
开本: 19cm
丛书名:
单 册:
中图分类: O6
科图分类:
主题词: 化学
电子资源:
ISBN:
000 00695nam0 2200241 45
001 0179000056
005 20060803170630.87
010    @dCNY0.63
091    @a13119.773
100    @a19950726d1979 em y0chiy0121 ea
101 1  @achi@cjpn
102    @aCN@b310000
105    @ay z 000yy
200 10 @a结构与物性@Ajie gou yu wu xing@f(日)细矢治夫,丸山有城著@F(ri)xi shi zhi fu,wan shan you cheng zhu@g方小钰译
210    @a上海@c上海科学技术出版社@d1979
215    @a202页@d19cm
606 0  @a化学
690    @aO6
701  1 @a细矢治夫@Axi shi zhi fu@4著
701  0 @a丸山有城@Awan shan you cheng@4著
702  0 @a方小钰@Afang xiao yu@4译
801  0 @aCN@bNLC@c20060803
905    @dO6@e110
    
    结构与物性/(日)细矢治夫,丸山有城著/方小钰译.-上海:上海科学技术出版社,1979
    202页;19cm
    
    
    ISBN :CNY0.63
    
●
相关链接 在E读中查询图书 在五车中查询图书 在当当中查询图书 在豆瓣中查询图书


正题名:结构与物性     索取号:O6/110         预约/预借

序号 登录号 条形码 馆藏地/架位号 状态 备注
1 0072472   202303934   密集书库/ [索取号:O6/110] 在馆    
2 0072473   000338218   第三借阅区/ [索取号:O6/110] 在馆    
3 0072474   202303961   密集书库/ [索取号:O6/110] 在馆    
4 0072475   202303970   密集书库/ [索取号:O6/110] 在馆    
5 0072476   202303756   密集书库/ [索取号:O6/110] 在馆    
6 0095054   000338227   第三借阅区/ [索取号:O6/110] 在馆    
7 0095055   202102170   第二样本阅览室/ [索取号:O6/110] 在馆    
8 0439656   204396563   密集书库/ [索取号:O6/110] 在馆    
9 0442848   204428486   密集书库/ [索取号:O6/110] 在馆    
10 0442849   204428495   密集书库/ [索取号:O6/110] 在馆    
11 0442850   204428501   密集书库/ [索取号:O6/110] 在馆    
12 0442851   204428510   密集书库/ [索取号:O6/110] 在馆    
唐山师范学院图书馆 欢迎您!
大连网信软件有限公司© 版权所有